Poznámky ke konceptuální soustavě statistické prognostiky

Štatistická prognostika - časť štatistickej metodológie. Je aplikovaná pri analýze sociálno-ekonomických procesoch. Problém predikcie. Analýza presnosti "ex ante". Ilustrácia na báze lineárneho modelu. Konštrukcia predpovedných rozpätí. Rozbor presnosti predpovedí.

Na minha lista:
Detalhes bibliográficos
Autor principal: Kozák, J.
Formato: Capítulo de Livro
Idioma:tcheco
Assuntos:
Tags: Adicionar Tag
Sem tags, seja o primeiro a adicionar uma tag!

MARC

LEADER 00000naa a2200000 4500
001 r023680
005 20220906110540.9
041 0 |a cze 
044 |a CZ 
245 1 0 |a Poznámky ke konceptuální soustavě statistické prognostiky  |c J. Kozák 
520 |a Štatistická prognostika - časť štatistickej metodológie. Je aplikovaná pri analýze sociálno-ekonomických procesoch. Problém predikcie. Analýza presnosti "ex ante". Ilustrácia na báze lineárneho modelu. Konštrukcia predpovedných rozpätí. Rozbor presnosti predpovedí. 
610 2 0 |a štatistika 
610 2 0 |a prognostika 
610 2 0 |a modely lineárne 
610 2 0 |a procesy sociálno-ekonomické 
100 1 |a Kozák, J.